000 01114nam a2200241 i 4500
001 47850
003 ES-MaACL
005 20251014063113.0
007 t|
008 030603s1919 sp |||| | spa d
080 _a39
100 1 _aFrankowski, Eugeniusz,
_d1884-1962
_952338
245 1 0 _aSistematización de los ritos usados en las ceremonias populares
_b: conferencia... /
_cEugeniusz Frankowski.
260 _aSan Sebastián :
_bVda. de Z. Leizaola,
_c[1919]
300 _aV, 22 p. ;
_c21 cm.
500 _aPrecede al tít.: Eusko-Ikaskuntza. Sociedad de Estudios Vascos.
500 _aEn port.: Conferencia pronunciada en el Salón de la Filarmónica de Bilbao, el día 13 de diciembre de 1919, en la inauguración de los cursos de metodología y alta cultura organizados por la Sociedad de Estudios Vascos y repetida el 17 de marzo de 1920, en el Ateneo de Madrid.
610 2 4 _aAteneo de Madrid-
_vConferencias-
_y1900-1939
_91907
650 1 7 _aRitos y ceremonias
_2embne
_916917
710 2 _aSociedad de Estudios Vascos.
_96671
852 _aES-MaACL
_j1598-F-10
999 _c47850
_d47850